| 000 | 00789nas a2200229 4500 | ||
|---|---|---|---|
| 001 | BR8804440 | ||
| 003 | BR-BrBNA | ||
| 005 | 20231205091235.0 | ||
| 007 | ta | ||
| 008 | 230509b bl.|||p| |||| 00| 00por d | ||
| 040 |
_aBR-BrBNA _bpor _cBiblioteca Nacional de Agricultura |
||
| 041 | _a(En) | ||
| 072 | _aQ03 | ||
| 100 | 1 | _aPagnocca, F.C. | |
| 100 | 1 | _aSalzberg, S.P.C. | |
| 245 | 1 | _aGrowth and enterotoxin production by strain Staphylococcus aurens S-6 in a casein hydrolysate medium with diferrent metallic ions concentrations [microbiologia] | |
| 650 | _aMICROBIOLOGIA DE ALIMENTO | ||
| 650 | _aBACTERIA PATOGENICA | ||
| 773 | 0 |
_tNaturalia (Brazil) _xISSN 0101-1944 _g(1986-1987), v. 11-12 p. 9-14 _wBR8804440 |
|
| 909 |
_a202311 _bLúcia _c55 _dLúcia Elande |
||
| 942 |
_2AGRIS _n0 _cANA |
||
| 999 |
_c123798 _d123798 |
||